Geology of the Cerro Gordo mining district, Inyo County, California /

Bibliographic Details
Main Author: Merriam, Charles Warren, 1905- (Author)
Corporate Author: California. Division of Mines
Format: Government Document eBook
Language:English
Published: Washington : United States Department of the Interior, Geological Survey, 1963.
Series:Geological Survey professional paper ; 408.
Subjects:
Online Access:https://purl.fdlp.gov/GPO/gpo84067

MARC

Tag First Indicator Second Indicator Subfields
LEADER 00000cam a2200000 i 4500
001 in00003889340
005 20211120182526.0
006 m o d f
007 cr mn|||||||||
008 140929s1963 dcuabf ob f001 0 eng c
035 |a (OCoLC)ocn891598682 
040 |a COP  |b eng  |e rda  |e pn  |c COP  |d OCLCO  |d OCLCF  |d GPO  |d MvI  |d UtOrBLW 
042 |a pcc 
043 |a n-us-ca 
049 |a WWW 
074 |a 0624 (online) 
086 0 |a I 19.16:408 
100 1 |a Merriam, Charles Warren,  |d 1905-  |e author.  |0 http://id.loc.gov/authorities/names/n50038260 
245 1 0 |a Geology of the Cerro Gordo mining district, Inyo County, California /  |c by C. W. Merriam; prepared in cooperation with the State of California, Department of Natural Resources, Division of Mines. 
264 1 |a Washington :  |b United States Department of the Interior, Geological Survey,  |c 1963. 
300 |a 1 online resource (iv, 83 pages) :  |b illustrations, maps +  |e 5 plates. 
336 |a text  |b txt  |2 rdacontent 
337 |a computer  |b c  |2 rdamedia 
338 |a online resource  |b cr  |2 rdacarrier 
490 1 |a Geological Survey professional paper ;  |v 408 
500 |a Title from title screen (viewed September 29, 2014). 
504 |a Includes bibliographical references (pages 79-80) and index. 
650 0 |a Geology  |z California  |z Inyo County. 
650 0 |a Mines and mineral resources  |z California  |z Inyo County. 
650 7 |a Geology.  |2 fast  |0 (OCoLC)fst00940627 
650 7 |a Mines and mineral resources.  |2 fast  |0 (OCoLC)fst01022541 
651 7 |a California  |z Inyo County.  |2 fast  |0 (OCoLC)fst01212995 
710 2 |a Geological Survey (U.S.),  |e issuing body.  |0 http://id.loc.gov/authorities/names/n80092173 
710 1 |a California.  |b Division of Mines.  |0 http://id.loc.gov/authorities/names/n84004658 
776 0 8 |i Print version:  |a Merriam, Charles Warren, 1905-.  |t Geology of the Cerro Gordo mining district, Inyo County, California  |w (DLC)gs 64000169  |w (OCoLC)4016839 
830 0 |a Geological Survey professional paper ;  |v 408.  |0 http://id.loc.gov/authorities/names/n42012105 
856 4 0 |u https://purl.fdlp.gov/GPO/gpo84067  |t 0 
999 f f |s de8acf9e-b663-3cf1-b3e2-6d406b77af21  |i c27e6ab7-6c41-31f8-9e49-740c286ff78c  |t 0 
952 f f |a Texas A&M University  |b College Station  |c Electronic Resources  |d Available Online  |t 0  |e I 19.16:408  |h Superintendent of Documents classification 
998 f f |a I 19.16:408  |t 0  |l Available Online